[Event "WchT Seniors 50"]
[Site "Struga"]
[Date "2023.09.20"]
[Round "2.3"]
[White "Hewson, Brian Wr"]
[Black "Barandiaran, Gabriel"]
[Result "1-0"]
[WhiteElo "2023"]
[BlackElo "1897"]
[PlyCount "55"]
[EventDate "2023.09.19"]
[EventType "team-swiss"]
[EventRounds "9"]
[EventCountry "MKD"]
[SourceTitle "EXT 2024"]
[Source "ChessBase"]
[SourceDate "2023.10.10"]
[SourceVersion "1"]
[SourceVersionDate "2023.10.10"]
[SourceQuality "1"]
[WhiteTeam "England 50 III"]
[BlackTeam "Uruguay 50"]
[WhiteTeamCountry "ENG"]
[BlackTeamCountry "URU"]

1. d4 d5 2. Nf3 Nf6 3. c4 c6 4. e3 Bf5 5. Nc3 e6 6. Bd3 Ne4 7. 0-0 Nd7 8. Qc2 Ndf6 9. Nd2 Nxc3 10. bxc3 Bxd3 11. Qxd3 Bd6 12. f4 0-0 13. a4 Qe7 14. c5 Bc7 15. Ba3 a5 16. Rfb1 Rab8 17. Rb3 g5 18. Rf1 Ng4 19. h3 Nh6 20. fxg5 Qxg5 21. e4 f5 22. e5 Rf7 23. Bc1 Rg7 24. Qf3 f4 25. Rf2 Qf5 26. Nf1 Nf7 27. Qxf4 Qxh3 28. Qxf7+ 1-0

[Event "URU-ch Seniors 50+"]
[Site "Montevideo"]
[Date "2021.09.24"]
[Round "1"]
[White "De la Torre, Andres"]
[Black "Barandiaran, Gabriel"]
[Result "1/2-1/2"]
[WhiteElo "1620"]
[BlackElo "1875"]
[PlyCount "91"]
[EventDate "2021.09.24"]
[EventType "swiss"]
[EventRounds "5"]
[EventCountry "URU"]
[SourceTitle "EXT 2023"]
[Source "ChessBase"]
[SourceDate "2022.10.05"]
[SourceVersion "1"]
[SourceVersionDate "2022.10.05"]
[SourceQuality "1"]

1. e4 d6 2. Nf3 Nf6 3. d3 g6 4. g3 Bg7 5. Bg2 0-0 6. 0-0 c6 7. e5 Ng4 8. exd6 exd6 9. c3 h6 10. d4 Na6 11. Nbd2 Nc7 12. Ne4 f5 13. Ned2 Be6 14. h3 Nf6 15. Re1 Qd7 16. Nf1 Kh7 17. Bf4 Nfd5 18. Bd2 Rae8 19. Qc2 Nf6 20. Nh4 g5 21. Rxe6 Qxe6 22. Nxf5 Kh8 23. N1e3 Ne4 24. g4 Nxd2 25. Qxd2 Qf6 26. Nc4 d5 27. Ncd6 Re6 28. Nxb7 Rfe8 29. Nc5 Re2 30. Qd3 Rxb2 31. Nd7 Qe6 32. Nxg7 Kxg7 33. Ne5 Qf6 34. f3 Rb6 35. Nd7 Qd6 36. Nxb6 axb6 37. Kf2 Ne6 38. Qa6 Nf4 39. Bf1 Qe7 40. Kg3 Qe3 41. Bg2 Ne2+ 42. Kh2 Qf4+ 43. Kh1 Ng3+ 44. Kg1 Ne2+ 45. Kh1 Ng3+ 46. Kg1 1/2-1/2

[Event "Montevideo Duchamp Cup 4th"]
[Site "Montevideo"]
[Date "2020.02.08"]
[Round "1"]
[White "Rodriguez Vila, Andres"]
[Black "Barandiaran, Gabriel"]
[Result "1-0"]
[WhiteElo "2492"]
[BlackElo "1834"]
[PlyCount "73"]
[EventDate "2020.02.08"]
[EventType "swiss"]
[EventRounds "9"]
[EventCountry "URU"]
[SourceTitle "CBM 194 Extra"]
[Source "ChessBase"]
[SourceDate "2020.03.31"]
[SourceVersion "1"]
[SourceVersionDate "2020.03.31"]
[SourceQuality "1"]

1. e4 e5 2. Nf3 Nc6 3. Bc4 Bc5 4. 0-0 d6 5. c3 Nf6 6. d4 exd4 7. cxd4 Bb6 8. Nc3 Bg4 9. Be3 0-0 10. Bb3 Bxf3 11. gxf3 Qd7 12. Kh1 Kh8 13. Rg1 Rae8 14. Ba4 d5 15. Bg5 Qe6 16. Bxf6 Qxf6 17. exd5 Nxd4 18. Bxe8 Rxe8 19. Rg3 Nf5 20. Rg4 Bxf2 21. Re4 Rxe4 22. Nxe4 Qb6 23. Qa4 g6 24. Qe8+ Kg7 25. Qe5+ f6 26. Qc3 Bd4 27. Qc2 Be5 28. Re1 Qa5 29. Nc3 Qc5 30. Qd2 Qc4 31. Ne4 Qxa2 32. f4 Bd4 33. Rc1 Qxd5 34. Rxc7+ Kh6 35. Qg2 Nh4 36. Rxh7+ Kxh7 37. Nxf6+ 1-0

[Event "Montevideo Duchamp Cup 3rd"]
[Site "Montevideo"]
[Date "2019.02.11"]
[Round "4"]
[White "Barandiaran, Gabriel"]
[Black "Granara Barreto, Sebastian A"]
[Result "0-1"]
[WhiteElo "1836"]
[BlackElo "2134"]
[PlyCount "36"]
[EventDate "2019.02.09"]
[EventType "swiss"]
[EventRounds "9"]
[EventCountry "URU"]
[SourceTitle "CBM 188 Extra"]
[Source "ChessBase"]
[SourceDate "2019.02.26"]
[SourceVersion "1"]
[SourceVersionDate "2019.02.26"]
[SourceQuality "1"]

1. Nf3 Nf6 2. g3 b6 3. Bg2 Bb7 4. 0-0 e6 5. d4 c5 6. b3 d5 7. Bb2 Nbd7 8. c3 Be7 9. Nbd2 0-0 10. Rc1 Rc8 11. e3 Qc7 12. c4 Qb8 13. Qe2 Bd6 14. Rfd1 Rfe8 15. e4 dxe4 16. Ng5 e3 17. Qxe3 cxd4 18. Qxd4 Be5 0-1

[Event "URU-chTA"]
[Site "Uruguay"]
[Date "2017.07.08"]
[Round "3.4"]
[White "Pos, Marcos"]
[Black "Barandiaran, Gabriel"]
[Result "1/2-1/2"]
[WhiteElo "1793"]
[BlackElo "1867"]
[PlyCount "35"]
[EventDate "2017.07.07"]
[EventType "team-swiss"]
[EventRounds "5"]
[EventCountry "URU"]
[SourceTitle "EXT 2018"]
[Source "ChessBase"]
[SourceDate "2017.10.13"]
[SourceVersion "1"]
[SourceVersionDate "2017.10.13"]
[SourceQuality "1"]
[WhiteTeam "Cosmopolita Union"]
[BlackTeam "Trebejos II"]
[WhiteTeamCountry "URU"]
[BlackTeamCountry "URU"]

1. e4 e5 2. Nf3 Nc6 3. Bc4 Bc5 4. c3 d6 5. d4 exd4 6. cxd4 Bb6 7. Bb5 Bd7 8. 0-0 h6 9. Nc3 Nf6 10. e5 dxe5 11. dxe5 Nh7 12. Qe2 0-0 13. Rd1 Qc8 14. Nd5 Re8 15. Bf4 Nf8 16. Bxh6 Nxe5 17. Bxd7 Nexd7 18. Be3 1/2-1/2

[Event "Montevideo Senior-ch"]
[Site "Montevideo"]
[Date "2017.06.19"]
[Round "5"]
[White "Martinez Fernandez, Fernando"]
[Black "Barandiaran, Gabriel"]
[Result "1-0"]
[WhiteElo "1862"]
[BlackElo "1866"]
[PlyCount "46"]
[EventDate "2017.06.17"]
[EventType "swiss"]
[EventRounds "5"]
[EventCountry "URU"]
[SourceTitle "CBM 179 Extra"]
[Source "ChessBase"]
[SourceDate "2017.08.23"]
[SourceVersion "1"]
[SourceVersionDate "2017.08.23"]
[SourceQuality "1"]

1. d4 d5 2. c4 c6 3. Nf3 Nf6 4. Nc3 dxc4 5. a4 Bf5 6. e3 e6 7. Bxc4 Bb4 8. 0-0 Nbd7 9. Nh4 Bg6 10. Nxg6 hxg6 11. Qe2 Qe7 12. e4 Nb6 13. Bb3 e5 14. dxe5 Qxe5 15. f4 Qe7 16. a5 Bxc3 17. bxc3 Nbd7 18. e5 Nd5 19. Bxd5 Qc5+ 20. Kh1 Qxd5 21. Rd1 Qe6 22. Rd6 Qe7 23. Ba3 0-0-0 1-0

[Event "Montevideo Duchamp Cup 1st"]
[Site "Montevideo"]
[Date "2017.02.11"]
[Round "3"]
[White "Barandiaran, Gabriel"]
[Black "Curi, Gabriel"]
[Result "0-1"]
[WhiteElo "1879"]
[BlackElo "2231"]
[PlyCount "34"]
[EventDate "2017.02.09"]
[EventType "swiss"]
[EventRounds "9"]
[EventCountry "URU"]
[SourceTitle "CBM 176 Extra"]
[Source "ChessBase"]
[SourceDate "2017.03.02"]
[SourceVersion "1"]
[SourceVersionDate "2017.03.02"]
[SourceQuality "1"]

1. e4 e6 2. d4 d5 3. Nd2 Nf6 4. Bd3 c5 5. exd5 Qxd5 6. Ngf3 cxd4 7. 0-0 Nc6 8. Re1 Be7 9. Nb3 Bd7 10. Bf4 0-0-0 11. Ne5 g5 12. Bg3 Nxe5 13. Rxe5 Qc6 14. c3 dxc3 15. Rc1 Qb6 16. Rxc3+ Bc6 17. Rb5 Qxb5 0-1